A Very Potter Sequel Trivia/Quote Quiz Stats

 Plays Quiz not verified by Sporcle

Challenge
Share
Tweet
Embed
Score 0/30 Timer 07:00
0 Plays Today
Hint Answer % Correct
Which accent do Harry and Ron love saying 'Red Wines' in?German
87.7%
'Hermione can't ______!'draw
86.7%
'____ _____, what the hell can't they do?'Red Vines
86.4%
'You're Harry _________ Potter!'freakin
86.4%
'Favorite vines other than ______ vines.'green
83.1%
Who is Draco's real father?Dobby
81.9%
What happened do the dementor that kissed Umbridge?it died
80.4%
According to Harry's lying aunt and uncle, what animal gave him his scar?crocodile
77.1%
Ron is sorted as what by the Scarf of Sexual Preference?Bi-curious
75.3%
What is Snape endlessley called throughout the musical?butt trumpet
72.6%
'I eat nothing but protein shakes, _______ _____, and rocks!'falcon eggs
70.8%
Under what does Snape keep the photo of Lily?his pillow
68.7%
'There's no way we're losing to Slytherin, or Ravenclaw, or ____________.'Jigglypuff
67.5%
'We don't prefer Gandolf, Merlin, or ___!'Oz
67.5%
'I despise _________ and mudbloods.'gingers
64.2%
Hint Answer % Correct
What do Harry and Ron hope Hermione's present is?a puppy
63.6%
Who is Hermione's second-favorite superhero?spiderman
61.4%
'So many _________ in my face.'****
59.9%
Is the Sorting Hat on Team Edward or Team Jacob?Team Dumbledore
57.2%
What is Umbridge's favorite flower?snapdragon
57.2%
What flavor bean does Ron get?defeat
55.1%
'You have a ____ nose now.'poop
54.8%
Over how many house elves die in toilet-related incidents per year600
49.4%
'Hey guys, who invited ____ ______?'Boo Radley
30.7%
'That's _____'s mom.'bambi
27.7%
What does Harry call Ginny?butterface
26.2%
'Oh my God _________!'nighttroll
21.1%
'What the _____ is going on here?'spell
13.9%
What Star Wars character makes an appearance in the patronus scene?Boba Fett
13.3%
'Oh my God you're so ____!'soft
8.1%

You're not logged in!

Compare scores with friends on all Sporcle quizzes.
Join for Free
OR
Log In

You Might Also Like...

Show Comments

Extras

Created Aug 4, 2010ReportNominate

Top Quizzes Today


Score Distribution

Your Account Isn't Verified!

In order to create a playlist on Sporcle, you need to verify the email address you used during registration. Go to your Sporcle Settings to finish the process.

Report this User

Report this user for behavior that violates our Community Guidelines.

Details: